[Event "World Chess Olympiad 2018"]
[Site "Batumi"]
[Date "2018.10.02"]
[Round "8"]
[Board "3"]
[WhiteFideId "15900509"]
[White "Diaz Brian"]
[BlackFideId "16300440"]
[Black "Yang Ching Wei Austin"]
[Result "0-1"]
[LiveChessVersion "1.4.8"]
[BlackElo "2198"]
[WhiteElo "1737"]

1. c4 {[%clk 1:30:58]} Nf6 {[%clk 1:30:54]} 2. g3 {[%clk 1:31:24]} g6
{[%clk 1:31:20]} 3. Bg2 {[%clk 1:31:48]} Bg7 {[%clk 1:31:44]} 4. Nc3
{[%clk 1:32:06]} O-O {[%clk 1:32:08]} 5. Nf3 {[%clk 1:32:10]} d6 {[%clk 1:32:32]}
6. O-O {[%clk 1:31:43]} Nbd7 {[%clk 1:32:52]} 7. d4 {[%clk 1:31:36]} e5
{[%clk 1:33:17]} 8. d5 {[%clk 1:30:56]} a5 {[%clk 1:32:01]} 9. Bg5 h6
{[%clk 1:31:44]} 10. Bxf6 {[%clk 1:26:38]} Qxf6 {[%clk 1:31:52]} 11. a3
{[%clk 1:25:39]} Qe7 {[%clk 1:31:27]} 12. Rb1 {[%clk 1:24:50]} f5
{[%clk 1:29:29]} 13. e3 {[%clk 1:23:13]} e4 {[%clk 1:19:42]} 14. Nd4
{[%clk 1:23:27]} Ne5 {[%clk 1:19:59]} 15. Qe2 {[%clk 1:16:43]} g5
{[%clk 1:16:02]} 16. f3 {[%clk 1:07:28]} exf3 {[%clk 1:10:14]} 17. Nxf3
{[%clk 1:07:36]} Bd7 {[%clk 1:01:12]} 18. Nxe5 {[%clk 1:02:37]} Qxe5
{[%clk 0:57:40]} 19. Nb5 {[%clk 0:56:49]} Bxb5 {[%clk 0:47:19]} 20. cxb5
{[%clk 0:56:52]} Rae8 {[%clk 0:47:19]} 21. Rfc1 {[%clk 0:49:25]} Re7
{[%clk 0:41:47]} 22. Rc3 {[%clk 0:47:48]} f4 {[%clk 0:40:08]} 23. gxf4
{[%clk 0:45:05]} gxf4 {[%clk 0:34:43]} 24. e4 {[%clk 0:39:59]} Qg5
{[%clk 0:29:21]} 25. Rd3 {[%clk 0:38:57]} Be5 {[%clk 0:26:17]} 26. Qf3
{[%clk 0:34:27]} Rg7 {[%clk 0:26:25]} 27. Kh1 {[%clk 0:24:35]} Kh8
{[%clk 0:26:15]} 28. Qf2 {[%clk 0:18:20]} Rfg8 {[%clk 0:24:09]} 29. Bf3
{[%clk 0:17:58]} Qf6 {[%clk 0:22:29]} 30. b3 {[%clk 0:14:36]} Rg5
{[%clk 0:18:11]} 31. Rf1 {[%clk 0:10:53]} Bb2 {[%clk 0:17:05]} 32. b4
{[%clk 0:10:39]} axb4 {[%clk 0:12:44]} 33. axb4 {[%clk 0:10:57]} Bc3
{[%clk 0:09:36]} 34. Rb1 {[%clk 0:11:04]} Ra8 {[%clk 0:08:52]} 35. Bg2
{[%clk 0:05:41]} Ra4 {[%clk 0:06:45]} 36. Rf3 {[%clk 0:05:36]} Be5
{[%clk 0:06:29]} 37. Rd3 {[%clk 0:03:57]} Ra8 {[%clk 0:03:59]} 38. Rbd1
{[%clk 0:03:24]} Qg7 {[%clk 0:02:48]} 39. Rb1 {[%clk 0:01:17]} Rg8
{[%clk 0:01:22]} 40. Bf3 {[%clk 0:31:22]} Qd7 {[%clk 0:30:40]} 41. Qh4
{[%clk 0:28:34]} Kh7 {[%clk 0:30:56]} 42. Be2 {[%clk 0:27:36]} Qg7
{[%clk 0:30:14]} 43. Qf2 {[%clk 0:26:17]} Rg2 0-1

[Event "World Chess Olympiad 2018"]
[Site "Batumi"]
[Date "2018.10.02"]
[Round "8"]
[Board "4"]
[WhiteFideId "16300416"]
[White "Liu Yeh Yang"]
[BlackFideId "15900762"]
[Black "Stetsenko Ilya"]
[Result "1-0"]
[LiveChessVersion "1.4.8"]
[BlackElo "1441"]
[WhiteElo "1926"]

1. e4 e6 2. d4 d5 3. Nc3 Nf6 4. Bg5 Bb4 5. e5 h6 6. Be3 Ne4 7. Nge2 Nxc3 8. Nxc3
Bxc3+ 9. bxc3 c5 10. dxc5 Qa5 11. Bd4 Nd7 12. Qg4 Kf8 13. Bd3 Nxc5 14. O-O b6 15.
f4 Ba6 16. Rf3 Bxd3 17. cxd3 g6 18. Qh4 Na4 19. Qf6 Rg8 20. f5 gxf5 21. Rxf5 1-0

[Event "World Chess Olympiad 2018"]
[Site "Batumi"]
[Date "2018.10.02"]
[Round "8"]
[Board "1"]
[WhiteFideId "22600078"]
[White "Barcon Harmon"]
[BlackFideId "16700066"]
[Black "Abdul Rahman Ali"]
[Result "1-0"]
[LiveChessVersion "1.4.8"]
[BlackElo "1850"]
[WhiteElo "1896"]

1. e4 {[%clk 1:31:25]} e6 {[%clk 1:30:56]} 2. d4 {[%clk 1:31:47]} d5
{[%clk 1:31:16]} 3. Nd2 {[%clk 1:32:14]} c5 {[%clk 1:30:52]} 4. exd5
{[%clk 1:31:37]} exd5 {[%clk 1:31:02]} 5. Ngf3 {[%clk 1:31:46]} c4
{[%clk 1:30:54]} 6. b3 {[%clk 1:32:05]} b5 {[%clk 1:30:01]} 7. c3
{[%clk 1:32:27]} Nf6 {[%clk 1:29:46]} 8. a4 {[%clk 1:32:53]} Qa5 {[%clk 1:29:13]}
9. Bb2 {[%clk 1:33:05]} Be6 {[%clk 1:28:44]} 10. axb5 {[%clk 1:30:14]} Qxb5
{[%clk 1:28:56]} 11. Ng5 {[%clk 1:30:02]} Be7 {[%clk 1:28:00]} 12. Nxe6
{[%clk 1:29:40]} fxe6 {[%clk 1:27:58]} 13. Rb1 {[%clk 1:29:53]} O-O
{[%clk 1:27:32]} 14. bxc4 {[%clk 1:29:04]} dxc4 {[%clk 1:27:33]} 15. Bxc4
{[%clk 1:28:17]} Qf5 {[%clk 1:27:23]} 16. O-O {[%clk 1:28:18]} Nbd7
{[%clk 1:27:28]} 17. Qe2 {[%clk 1:27:23]} Nd5 {[%clk 1:27:41]} 18. Rfe1
{[%clk 1:25:08]} Rf6 {[%clk 1:27:32]} 19. Ne4 {[%clk 1:25:18]} Rg6
{[%clk 1:26:38]} 20. Ng3 {[%clk 1:25:05]} Qg5 {[%clk 1:19:50]} 21. Bc1
{[%clk 1:23:09]} Kf8 22. Bxg5 Bxg5 {[%clk 1:18:19]} 23. Bxd5 {[%clk 1:22:42]}
exd5 {[%clk 1:17:55]} 24. Qf3+ {[%clk 1:23:04]} Nf6 {[%clk 1:18:14]} 25. Re5
{[%clk 1:22:41]} Rd8 {[%clk 1:18:19]} 26. Rb7 {[%clk 1:22:09]} a5
{[%clk 1:18:08]} 27. h3 {[%clk 1:21:13]} Kg8 {[%clk 1:18:23]} 28. Ree7
{[%clk 1:21:12]} Rf8 29. Nf5 Kh8 {[%clk 1:16:14]} 30. Nd6 {[%clk 1:18:47]} Kg8
{[%clk 1:16:03]} 31. Nf5 {[%clk 1:16:21]} Kh8 {[%clk 1:14:52]} 32. Rxg7
{[%clk 1:16:06]} Rxg7 {[%clk 1:15:09]} 33. Rxg7 {[%clk 1:16:11]} Ne4
{[%clk 1:15:12]} 34. Qh5 {[%clk 1:15:39]} 1-0

[Event "World Chess Olympiad 2018"]
[Site "Batumi"]
[Date "2018.10.02"]
[Round "8"]
[Board "2"]
[WhiteFideId "16700058"]
[White "Mohamed Hassan"]
[BlackFideId "22600124"]
[Black "Jacob Jallah"]
[Result "0-1"]
[LiveChessVersion "1.4.8"]
[BlackElo "1835"]
[WhiteElo "1846"]

1. e4 {[%clk 1:30:52]} e5 {[%clk 1:30:30]} 2. Nf3 {[%clk 1:31:05]} Nc6
{[%clk 1:30:53]} 3. Bc4 {[%clk 1:31:11]} Bc5 {[%clk 1:29:10]} 4. O-O
{[%clk 1:30:38]} Nf6 {[%clk 1:29:17]} 5. c3 {[%clk 1:27:19]} Be7 {[%clk 1:22:23]}
6. d4 {[%clk 1:25:19]} d6 {[%clk 1:21:09]} 7. Ng5 {[%clk 1:19:10]} O-O
{[%clk 1:20:42]} 8. Qb3 {[%clk 1:19:18]} Qe8 {[%clk 1:13:54]} 9. f4
{[%clk 1:05:46]} exd4 {[%clk 1:11:39]} 10. cxd4 {[%clk 1:02:21]} Na5
{[%clk 1:10:49]} 11. Bxf7+ {[%clk 0:56:47]} Rxf7 {[%clk 1:10:48]} 12. Qxf7+
{[%clk 0:57:10]} Qxf7 {[%clk 1:10:54]} 13. Nxf7 {[%clk 0:57:21]} Kxf7
{[%clk 1:11:09]} 14. Nc3 {[%clk 0:57:37]} Kg8 {[%clk 1:10:30]} 15. f5
{[%clk 0:51:58]} Nc6 {[%clk 1:10:02]} 16. Nb5 {[%clk 0:50:35]} Bd8
{[%clk 1:10:09]} 17. d5 {[%clk 0:47:35]} Ne5 {[%clk 1:09:52]} 18. Bg5
{[%clk 0:46:40]} a6 {[%clk 1:09:48]} 19. Bxf6 {[%clk 0:45:22]} gxf6
{[%clk 1:10:17]} 20. Nd4 {[%clk 0:45:33]} c6 {[%clk 1:08:33]} 21. Rad1
{[%clk 0:35:15]} cxd5 {[%clk 1:08:05]} 22. exd5 {[%clk 0:35:18]} Bb6
{[%clk 1:08:20]} 23. Kh1 {[%clk 0:32:34]} Ng4 {[%clk 1:08:09]} 24. Rf3
{[%clk 0:32:31]} Kf7 {[%clk 1:07:40]} 25. h3 {[%clk 0:32:04]} Ne5
{[%clk 1:05:22]} 26. Rb3 {[%clk 0:31:18]} Bxd4 {[%clk 1:02:51]} 27. Rxd4
{[%clk 0:31:09]} b5 {[%clk 0:55:18]} 28. g4 {[%clk 0:29:41]} Bb7 {[%clk 0:54:54]}
29. a4 {[%clk 0:28:02]} Rc8 {[%clk 0:54:10]} 30. axb5 {[%clk 0:21:58]} Rc5
{[%clk 0:54:26]} 31. Ra3 {[%clk 0:18:47]} Rxb5 {[%clk 0:54:25]} 32. b4
{[%clk 0:18:14]} Bxd5+ {[%clk 0:54:18]} 33. Kg1 {[%clk 0:17:49]} Nf3+
{[%clk 0:54:26]} 34. Rxf3 {[%clk 0:17:41]} Bxf3 {[%clk 0:54:46]} 35. Rxd6
{[%clk 0:17:40]} Bb7 {[%clk 0:53:28]} 36. Rd7+ {[%clk 0:18:02]} Kg8
{[%clk 0:53:46]} 37. Rd4 {[%clk 0:18:01]} Rd5 {[%clk 0:53:54]} 38. Rc4
{[%clk 0:17:40]} Rd7 {[%clk 0:54:08]} 39. Kf2 {[%clk 0:17:35]} Kf7
{[%clk 0:53:36]} 40. h4 {[%clk 0:47:27]} h6 {[%clk 1:23:51]} 41. Ke3
{[%clk 0:47:08]} Ke7 {[%clk 1:23:54]} 42. Kf4 {[%clk 0:46:19]} Kf7
{[%clk 1:15:14]} 43. Ke3 {[%clk 0:44:30]} Bg2 {[%clk 1:14:54]} 44. Rc2
{[%clk 0:42:55]} Bf1 {[%clk 1:15:00]} 45. Rc6 {[%clk 0:42:01]} Bb5
{[%clk 1:15:15]} 46. Rc5 {[%clk 0:41:52]} Rd3+ {[%clk 1:14:18]} 47. Ke4
{[%clk 0:42:04]} Rb3 {[%clk 1:14:28]} 48. Rc7+ {[%clk 0:41:55]} Kf8
{[%clk 1:14:54]} 49. Kd5 {[%clk 0:39:00]} Rxb4 {[%clk 1:07:50]} 50. Ke6
{[%clk 0:36:23]} Rxg4 {[%clk 1:06:59]} 51. Rc8+ {[%clk 0:34:55]} Be8
{[%clk 1:05:26]} 52. Ra8 {[%clk 0:34:54]} Rxh4 {[%clk 1:05:00]} 53. Rxa6
{[%clk 0:34:52]} Rg4 {[%clk 1:03:59]} 54. Kxf6 {[%clk 0:35:01]} Re4
{[%clk 1:02:03]} 55. Ra7 {[%clk 0:32:42]} Kg8 {[%clk 1:01:50]} 56. Rc7
{[%clk 0:31:13]} Kh8 {[%clk 1:01:53]} 57. Rb7 {[%clk 0:30:56]} Kg8
{[%clk 0:59:27]} 58. Rg7+ {[%clk 0:31:13]} Kh8 {[%clk 0:59:36]} 59. Rb7
{[%clk 0:31:35]} h5 {[%clk 0:59:37]} 60. Kg5 {[%clk 0:28:59]} Kg8
{[%clk 0:59:07]} 61. Kf6 {[%clk 0:29:03]} Rg4 {[%clk 0:57:25]} 62. Rb8
{[%clk 0:28:38]} Kf8 {[%clk 0:57:48]} 63. Ke6 {[%clk 0:27:09]} Rg7
{[%clk 0:56:51]} 64. Kf6 {[%clk 0:26:41]} Rg3 {[%clk 0:54:21]} 65. Ke6
{[%clk 0:26:15]} h4 {[%clk 0:54:18]} 66. Rb4 {[%clk 0:24:26]} h3 {[%clk 0:53:27]}
67. Rh4 {[%clk 0:22:19]} Kg7 {[%clk 0:53:29]} 68. Ke5 {[%clk 0:21:31]} Rf3
{[%clk 0:52:38]} 69. Ke6 {[%clk 0:18:11]} Re3+ {[%clk 0:52:35]} 70. Kd5
{[%clk 0:18:17]} Kf6 {[%clk 0:52:38]} 71. Rh8 {[%clk 0:17:24]} Kxf5
{[%clk 0:50:25]} 72. Kd4 {[%clk 0:16:17]} Re4+ {[%clk 0:50:36]} 73. Kd3
{[%clk 0:15:38]} Bb5+ {[%clk 0:50:51]} 74. Kd2 {[%clk 0:15:58]} Kg4
{[%clk 0:51:06]} 75. Rg8+ {[%clk 0:15:23]} Kf3 {[%clk 0:51:22]} 76. Rf8+
{[%clk 0:15:19]} Kg3 {[%clk 0:51:31]} 77. Rg8+ {[%clk 0:15:32]} Rg4
{[%clk 0:51:52]} 78. Rh8 {[%clk 0:15:19]} h2 {[%clk 0:52:13]} 0-1

[Event "World Chess Olympiad 2018"]
[Site "Batumi"]
[Date "2018.10.02"]
[Round "8"]
[Board "3"]
[WhiteFideId "22600094"]
[White "Thomas Saah"]
[BlackFideId "16700406"]
[Black "Muhammed Shuaau"]
[Result "0-1"]
[LiveChessVersion "1.4.8"]
[BlackElo "1775"]
[WhiteElo "1791"]

1. e4 {[%clk 1:30:00]} e5 {[%clk 1:30:54]} 2. Nf3 {[%clk 1:30:25]} Nc6
{[%clk 1:31:21]} 3. Bc4 {[%clk 1:30:37]} Bc5 {[%clk 1:31:40]} 4. d4
{[%clk 1:29:54]} Bxd4 {[%clk 1:30:53]} 5. c3 {[%clk 1:29:45]} Bb6
{[%clk 1:30:13]} 6. Ng5 {[%clk 1:29:57]} Nh6 {[%clk 1:29:26]} 7. Qh5
{[%clk 1:27:49]} Qf6 {[%clk 1:23:10]} 8. O-O {[%clk 1:26:47]} d6 {[%clk 1:21:56]}
9. h3 {[%clk 1:26:49]} Qg6 {[%clk 1:21:24]} 10. Qh4 {[%clk 1:26:28]} Bd7
{[%clk 1:12:38]} 11. Kh1 {[%clk 1:26:41]} O-O-O {[%clk 1:08:51]} 12. f4
{[%clk 1:26:06]} exf4 {[%clk 1:05:42]} 13. Bxf4 {[%clk 1:23:56]} Rde8
{[%clk 1:02:27]} 14. Nd2 {[%clk 1:23:34]} f6 {[%clk 1:01:40]} 15. Ngf3
{[%clk 1:23:43]} f5 {[%clk 0:55:49]} 16. Bxh6 {[%clk 1:14:55]} gxh6
{[%clk 0:54:36]} 17. exf5 {[%clk 1:13:49]} Bxf5 {[%clk 0:53:02]} 18. Rae1
{[%clk 1:13:13]} Na5 {[%clk 0:36:51]} 19. Bd5 {[%clk 1:13:23]} c6
{[%clk 0:33:54]} 20. b4 {[%clk 1:12:41]} cxd5 {[%clk 0:32:36]} 21. Rxe8+
{[%clk 1:13:05]} Rxe8 {[%clk 0:32:22]} 22. bxa5 {[%clk 1:13:32]} Bc5
{[%clk 0:26:10]} 23. a6 {[%clk 1:04:38]} Re2 {[%clk 0:18:39]} 24. axb7+
{[%clk 1:04:36]} Kxb7 {[%clk 0:18:00]} 25. g4 {[%clk 1:04:51]} Be4
{[%clk 0:12:25]} 26. Qe7+ {[%clk 1:04:57]} Kc6 {[%clk 0:12:28]} 27. Nxe4
{[%clk 1:04:54]} Qxe4 {[%clk 0:12:07]} 28. Qf8 {[%clk 1:01:45]} Rxa2
{[%clk 0:07:39]} 29. Re1 {[%clk 0:58:40]} Qc2 {[%clk 0:06:01]} 30. Qc8+
{[%clk 0:56:18]} Kb6 {[%clk 0:03:58]} 31. Nd2 {[%clk 0:55:49]} Qxd2
{[%clk 0:03:18]} 32. Rb1+ {[%clk 0:56:05]} Ka5 {[%clk 0:03:16]} 33. Qd8+
{[%clk 0:52:01]} Bb6 {[%clk 0:03:03]} 34. Rb5+ {[%clk 0:51:49]} Kxb5
{[%clk 0:03:16]} 35. c4+ {[%clk 0:51:41]} Ka5 {[%clk 0:03:24]} 0-1

[Event "World Chess Olympiad 2018"]
[Site "Batumi"]
[Date "2018.10.02"]
[Round "8"]
[Board "1"]
[WhiteFideId "10800166"]
[White "Magana Ben"]
[BlackFideId "2800020"]
[Black "Gruenfeld Yehuda"]
[Result "0-1"]
[LiveChessVersion "1.4.8"]
[BlackElo "2418"]
[WhiteElo "2074"]

1. d4 {[%clk 1:29:23]} Nf6 {[%clk 1:30:54]} 2. Bf4 {[%clk 1:28:51]} g6
{[%clk 1:30:45]} 3. h3 {[%clk 1:27:09]} Bg7 {[%clk 1:31:09]} 4. e3
{[%clk 1:27:13]} O-O {[%clk 1:31:31]} 5. Nf3 {[%clk 1:27:26]} d6 {[%clk 1:31:56]}
6. Be2 {[%clk 1:27:05]} Nbd7 {[%clk 1:31:31]} 7. O-O {[%clk 1:27:02]} Qe8
{[%clk 1:31:35]} 8. c4 {[%clk 1:24:39]} e5 {[%clk 1:31:25]} 9. Bh2
{[%clk 1:16:47]} e4 {[%clk 1:29:51]} 10. Nfd2 {[%clk 1:16:29]} Qe7
{[%clk 1:30:16]} 11. Nc3 {[%clk 1:16:23]} c6 {[%clk 1:30:15]} 12. Qc2
{[%clk 1:09:01]} Re8 {[%clk 1:30:40]} 13. b4 {[%clk 1:06:28]} Nf8
{[%clk 1:30:16]} 14. b5 {[%clk 0:59:29]} c5 {[%clk 1:26:03]} 15. dxc5
{[%clk 0:52:30]} dxc5 {[%clk 1:26:26]} 16. b6 {[%clk 0:52:13]} Bd7
{[%clk 1:21:37]} 17. Rab1 {[%clk 0:48:49]} Bc6 {[%clk 1:21:08]} 18. Rfd1
{[%clk 0:41:24]} axb6 {[%clk 1:19:36]} 19. Rxb6 {[%clk 0:40:57]} N8d7
{[%clk 1:19:52]} 20. Rbb1 {[%clk 0:35:59]} h5 {[%clk 1:16:54]} 21. Nb3
{[%clk 0:25:57]} b6 {[%clk 1:14:22]} 22. Rd6 {[%clk 0:20:35]} Rec8
{[%clk 1:14:20]} 23. Rbd1 {[%clk 0:17:27]} Ne5 {[%clk 1:09:20]} 24. Bxe5
{[%clk 0:08:12]} Qxe5 {[%clk 1:09:39]} 25. Nb5 {[%clk 0:05:42]} Ne8
{[%clk 1:06:39]} 26. R6d2 {[%clk 0:02:55]} Qe7 {[%clk 1:06:27]} 27. Nc3
{[%clk 0:01:19]} Nc7 {[%clk 1:05:41]} 28. Nd5 {[%clk 0:00:48]} Nxd5
{[%clk 1:05:54]} 29. cxd5 {[%clk 0:01:02]} Bd7 {[%clk 1:06:20]} 30. d6
{[%clk 0:00:47]} Qe8 {[%clk 1:06:36]} 31. Bc4 {[%clk 0:00:38]} Ra4
{[%clk 1:05:20]} 32. Bd5 {[%clk 0:00:31]} Kh7 {[%clk 1:05:25]} 33. Nc1
{[%clk 0:00:40]} f5 {[%clk 1:05:09]} 34. Qb3 {[%clk 0:00:31]} b5 {[%clk 1:04:31]}
35. Bf7 {[%clk 0:00:32]} Qe5 {[%clk 1:03:55]} 36. Ne2 {[%clk 0:00:32]} c4
{[%clk 1:02:57]} 37. Qb1 {[%clk 0:00:38]} Qf6 {[%clk 1:00:46]} 38. Bd5
{[%clk 0:00:31]} Ra3 {[%clk 0:55:00]} 39. Nd4 {[%clk 0:00:31]} Rd3
{[%clk 0:54:52]} 40. Nxb5 {[%clk 0:30:31]} c3 {[%clk 1:24:32]} 41. Nxc3
{[%clk 0:19:38]} Rxd2 {[%clk 1:22:54]} 42. Rxd2 {[%clk 0:19:38]} Qxc3
{[%clk 1:23:19]} 43. Rd1 {[%clk 0:19:06]} Qc2 {[%clk 1:23:28]} 44. Qxc2
{[%clk 0:17:12]} Rxc2 {[%clk 1:23:49]} 45. Bb3 {[%clk 0:17:29]} Rc5
{[%clk 1:23:49]} 46. Rd5 {[%clk 0:13:40]} Rxd5 {[%clk 1:23:12]} 47. Bxd5
{[%clk 0:14:08]} Be5 {[%clk 1:23:22]} 48. h4 {[%clk 0:11:29]} Bxd6 49. g3
{[%clk 0:11:09]} Kg7 {[%clk 1:23:51]} 50. Kg2 {[%clk 0:10:09]} Kf6
{[%clk 1:23:34]} 51. Bb7 {[%clk 0:09:20]} Ba3 {[%clk 1:23:41]} 52. Bd5
{[%clk 0:05:35]} Be6 {[%clk 1:24:03]} 53. Bc6 {[%clk 0:05:55]} Bxa2
{[%clk 1:24:27]} 54. Be8 {[%clk 0:05:58]} Bc4 {[%clk 1:24:44]} 55. Bc6
{[%clk 0:06:10]} Be2 {[%clk 1:25:01]} 56. Be8 {[%clk 0:06:26]} Bf3+
{[%clk 1:24:43]} 57. Kf1 {[%clk 0:06:28]} g5 {[%clk 1:24:32]} 58. hxg5+
{[%clk 0:06:37]} Kxg5 {[%clk 1:24:49]} 59. Bd7 {[%clk 0:06:21]} Bg4
{[%clk 1:24:56]} 60. Kg2 {[%clk 0:05:43]} Be7 {[%clk 1:25:17]} 61. Bc6
{[%clk 0:05:10]} Kh6 {[%clk 1:25:15]} 62. Bb7 {[%clk 0:04:50]} h4
{[%clk 1:24:56]} 63. gxh4 {[%clk 0:04:01]} Bxh4 {[%clk 1:25:19]} 64. Bc8
{[%clk 0:03:12]} Kg5 {[%clk 1:25:37]} 65. Bd7 {[%clk 0:02:47]} Kf6
{[%clk 1:25:58]} 66. Bc6 {[%clk 0:02:32]} Ke7 {[%clk 1:26:06]} 67. Bb7
{[%clk 0:01:43]} Kd6 {[%clk 1:26:27]} 68. Ba6 {[%clk 0:00:53]} Kc5
{[%clk 1:26:48]} 69. Bc8 {[%clk 0:00:36]} Kb4 {[%clk 1:27:11]} 70. Bd7
{[%clk 0:00:38]} Kc3 {[%clk 1:27:36]} 71. Bb5 {[%clk 0:00:41]} Kd2
{[%clk 1:27:59]} 72. Bc6 {[%clk 0:00:34]} Ke2 {[%clk 1:27:50]} 73. Bb5+
{[%clk 0:00:35]} Ke1 {[%clk 1:28:13]} 0-1

[Event "World Chess Olympiad 2018"]
[Site "Batumi"]
[Date "2018.10.02"]
[Round "8"]
[Board "2"]
[WhiteFideId "410551"]
[White "Martin Lewis"]
[BlackFideId "10800360"]
[Black "Singe Philip Mbawala"]
[Result "1-0"]
[LiveChessVersion "1.4.8"]
[BlackElo "1845"]
[WhiteElo "2128"]

1. d4 {[%clk 1:30:56]} Nf6 {[%clk 1:30:35]} 2. c4 {[%clk 1:31:21]} e6
{[%clk 1:30:55]} 3. Nf3 {[%clk 1:31:45]} Bb4+ {[%clk 1:30:50]} 4. Bd2
{[%clk 1:32:05]} Bxd2+ {[%clk 1:30:58]} 5. Nbxd2 {[%clk 1:32:16]} d5
{[%clk 1:31:22]} 6. e3 {[%clk 1:31:07]} O-O {[%clk 1:31:22]} 7. Bd3
{[%clk 1:30:28]} b6 {[%clk 1:30:21]} 8. cxd5 {[%clk 1:28:10]} exd5
{[%clk 1:25:13]} 9. O-O {[%clk 1:28:12]} Bg4 {[%clk 1:21:54]} 10. Qc2
{[%clk 1:26:54]} Bxf3 {[%clk 1:13:14]} 11. Nxf3 {[%clk 1:24:20]} Nbd7
{[%clk 1:11:56]} 12. b4 {[%clk 1:13:59]} Qe7 {[%clk 1:02:40]} 13. b5
{[%clk 1:12:26]} Rfc8 {[%clk 0:58:34]} 14. Bf5 {[%clk 1:00:05]} g6
{[%clk 0:55:11]} 15. Bh3 {[%clk 0:56:37]} Qd6 {[%clk 0:46:33]} 16. Rfc1
{[%clk 0:53:37]} Ne8 {[%clk 0:39:15]} 17. Qa4 {[%clk 0:40:39]} f5
{[%clk 0:33:52]} 18. Rc6 {[%clk 0:40:30]} Qe7 {[%clk 0:33:59]} 19. Rac1
{[%clk 0:39:52]} a6 {[%clk 0:29:01]} 20. bxa6 {[%clk 0:39:23]} Nb8
{[%clk 0:29:03]} 21. Rxb6 {[%clk 0:39:01]} Nd6 {[%clk 0:28:23]} 22. Rb2
{[%clk 0:31:31]} Rxa6 {[%clk 0:26:44]} 23. Qb4 {[%clk 0:28:58]} Rb6
{[%clk 0:21:25]} 24. Qa3 {[%clk 0:28:59]} Rxb2 {[%clk 0:20:57]} 25. Qxb2
{[%clk 0:29:25]} Nc4 {[%clk 0:20:11]} 26. Qb7 {[%clk 0:29:42]} Qd7
{[%clk 0:20:39]} 27. g3 {[%clk 0:28:05]} Nc6 {[%clk 0:15:40]} 28. Bf1
{[%clk 0:26:11]} N6a5 {[%clk 0:15:54]} 29. Qb4 {[%clk 0:25:11]} Qd6
{[%clk 0:12:44]} 30. Qxd6 {[%clk 0:23:23]} cxd6 {[%clk 0:12:05]} 31. Bg2
{[%clk 0:23:21]} Nb6 {[%clk 0:10:45]} 32. Rxc8+ {[%clk 0:23:17]} Nxc8
{[%clk 0:10:58]} 33. Ne1 {[%clk 0:23:36]} Nb6 {[%clk 0:10:16]} 34. Nd3
{[%clk 0:23:26]} Nc6 {[%clk 0:06:01]} 35. Kf1 {[%clk 0:23:30]} Kf8
{[%clk 0:04:49]} 36. Ke2 {[%clk 0:23:27]} Ke7 {[%clk 0:04:32]} 37. Kd2
{[%clk 0:22:37]} g5 {[%clk 0:03:45]} 38. Kc3 {[%clk 0:22:27]} Ke6
{[%clk 0:02:56]} 39. Nb4 {[%clk 0:21:28]} Na5 {[%clk 0:03:16]} 40. Na6
{[%clk 0:51:28]} Kd7 {[%clk 0:31:36]} 41. Kb4 {[%clk 0:49:03]} Nac4
{[%clk 0:31:09]} 42. Kb5 {[%clk 0:44:26]} Nc8 {[%clk 0:27:06]} 43. Bxd5
{[%clk 0:44:19]} Nb2 {[%clk 0:27:33]} 44. Bb3 {[%clk 0:36:28]} Na7+
{[%clk 0:23:24]} 45. Kb6 {[%clk 0:35:58]} Nc8+ {[%clk 0:23:02]} 46. Kb7
{[%clk 0:35:58]} Nd3 {[%clk 0:22:35]} 47. Bc2 {[%clk 0:36:08]} 1-0

[Event "World Chess Olympiad 2018"]
[Site "Batumi"]
[Date "2018.10.02"]
[Round "8"]
[Board "3"]
[WhiteFideId "10802088"]
[White "Ngani Victor"]
[BlackFideId "12805165"]
[Black "Jankunas Tomas"]
[Result "0-1"]
[LiveChessVersion "1.4.8"]
[BlackElo "2093"]
[WhiteElo "2022"]

1. e4 {[%clk 1:30:00]} e5 {[%clk 1:30:48]} 2. Nf3 {[%clk 1:30:28]} Nf6
{[%clk 1:31:07]} 3. Nxe5 {[%clk 1:30:55]} d6 {[%clk 1:31:28]} 4. Nf3
{[%clk 1:31:23]} Nxe4 {[%clk 1:31:47]} 5. Qe2 {[%clk 1:31:48]} Qe7
{[%clk 1:31:49]} 6. d3 {[%clk 1:32:15]} Nf6 {[%clk 1:31:35]} 7. Be3
{[%clk 1:32:38]} Nc6 {[%clk 1:12:01]} 8. Nc3 {[%clk 1:32:34]} Bg4
{[%clk 1:12:14]} 9. h3 {[%clk 1:32:36]} Be6 {[%clk 1:05:06]} 10. g4
{[%clk 1:25:46]} O-O-O {[%clk 1:04:07]} 11. Bg2 {[%clk 1:20:53]} d5
{[%clk 0:57:33]} 12. g5 {[%clk 1:14:15]} Ne8 {[%clk 0:53:10]} 13. d4
{[%clk 0:49:55]} Nd6 {[%clk 0:49:56]} 14. a3 {[%clk 0:49:02]} Nc4
{[%clk 0:36:12]} 15. Bc1 {[%clk 0:43:51]} Qd7 {[%clk 0:33:58]} 16. b3
{[%clk 0:42:31]} Nb6 {[%clk 0:32:46]} 17. Be3 {[%clk 0:35:35]} f6
{[%clk 0:30:53]} 18. Kd2 {[%clk 0:31:48]} a6 {[%clk 0:30:26]} 19. Kc1
{[%clk 0:32:05]} Bd6 {[%clk 0:25:49]} 20. h4 {[%clk 0:31:06]} Rde8
{[%clk 0:25:47]} 21. Qf1 {[%clk 0:31:19]} Na5 {[%clk 0:24:35]} 22. Bh3
{[%clk 0:27:12]} Qc6 {[%clk 0:20:52]} 23. Qd3 {[%clk 0:26:24]} Kb8
{[%clk 0:19:49]} 24. gxf6 {[%clk 0:25:01]} gxf6 {[%clk 0:20:10]} 25. Bxe6
{[%clk 0:25:18]} Rxe6 {[%clk 0:20:03]} 26. Rg1 {[%clk 0:25:30]} Rhe8
{[%clk 0:16:18]} 27. Kb2 {[%clk 0:24:29]} Nac4+ {[%clk 0:12:34]} 28. bxc4
{[%clk 0:24:47]} Nxc4+ {[%clk 0:12:58]} 29. Ka2 {[%clk 0:21:26]} Nxe3
{[%clk 0:12:36]} 30. Rae1 {[%clk 0:19:33]} Nc4 {[%clk 0:10:19]} 31. Nb1
{[%clk 0:19:37]} Re4 {[%clk 0:08:21]} 32. Rxe4 {[%clk 0:15:43]} dxe4
{[%clk 0:08:18]} 33. d5 {[%clk 0:15:31]} Qb5 {[%clk 0:07:09]} 34. Qd4
{[%clk 0:14:45]} exf3 {[%clk 0:06:57]} 35. Qxf6 {[%clk 0:15:07]} Be5 0-1